| 000 | 00449nam a22001817a 4500 | ||
|---|---|---|---|
| 003 | NUST - PNEC | ||
| 005 | 20170116181019.0 | ||
| 008 | 150915b xxu||||| |||| 00| 0 eng d | ||
| 020 | _a- | ||
| 040 | _cLIBRARY | ||
| 082 | _a629.13435 SMI | ||
| 100 |
_910527 _aSmith, G. Geoffrey |
||
| 245 |
_aGas turbines & jet propulsion _cG. Geoffrey Smith |
||
| 250 | _a6th ed. | ||
| 260 | _cc.1955 | ||
| 650 |
_910528 _aGas turbines _xME |
||
| 942 |
_2ddc _cBK |
||
| 999 |
_c67330 _d67330 |
||